Network-based asset allocation strategies
Saved in:
| Main Author: | |
|---|---|
| Other Authors: | , |
| Format: | Book Chapter |
| Language: | English |
| Subjects: | |
| Tags: |
No Tags, Be the first to tag this record!
|
MARC
| LEADER | 00000nla a2200000 4500 | ||
|---|---|---|---|
| 001 | 0240080 | ||
| 005 | 20240502073908.1 | ||
| 041 | 0 | |a eng | |
| 044 | |a SK | ||
| 245 | 1 | 0 | |a Network-based asset allocation strategies |c Tomáš Výrost, Štefan Lyócsa, Eduard Baumöhl |
| 500 | |a Abstrakt | ||
| 610 | 2 | 0 | |a portfólio |
| 610 | 2 | 0 | |a riziko |
| 610 | 2 | 0 | |a aktíva |
| 610 | 2 | 0 | |a trh akciový |
| 100 | 1 | |a Výrost, Tomáš, 1978- | |
| 700 | 1 | |a Lyócsa, Štefan, 1982- | |
| 700 | 1 | |a Baumöhl, Eduard, 1982- | |